| 000 | 00687nam a2200217Ia 4500 | ||
|---|---|---|---|
| 001 | 17010 | ||
| 003 | GE_BSU | ||
| 008 | 181216s||||||||xx |||||||||||||| ||und|| | ||
| 040 | _cGE_BSU | ||
| 080 | _a821.161.1-32 | ||
| 100 | _aლერმონტოვი, მ. | ||
| 245 | _aჩვენი დროის გმირი | ||
| 245 | _bმოთხრობა | ||
| 245 | _cრედ.მ.ახვლედიანი. თარგმ. გ. ქიქოძისა | ||
| 260 | _aთბილისი | ||
| 260 | _bნაკადული | ||
| 260 | _c1986 | ||
| 300 | _a176გვ. ; 20სმ. | ||
| 653 | _aჩვენი დროის გმირი | ||
| 942 | _cBK | ||
| 999 |
_c50072 _d50072 |
||